MyGZULibrary

Cost accounting : (Record no. 587)

MARC details
000 -LEADER
fixed length control field 01047cam a2200325 4500
001 - CONTROL NUMBER
control field 4629552
003 - CONTROL NUMBER IDENTIFIER
control field GZU
005 - DATE AND TIME OF LATEST TRANSACTION
control field 20260317063836.0
008 - FIXED-LENGTH DATA ELEMENTS--GENERAL INFORMATION
fixed length control field 720204s1972 njua b 001 0 eng
010 ## - LIBRARY OF CONGRESS CONTROL NUMBER
LC control number 78037392
020 ## - INTERNATIONAL STANDARD BOOK NUMBER
International Standard Book Number 9780273753872
022 ## - INTERNATIONAL STANDARD SERIAL NUMBER
International Standard Serial Number .
040 ## - CATALOGING SOURCE
Original cataloging agency DLC
Transcribing agency DLC
Modifying agency DLC
050 00 - LIBRARY OF CONGRESS CALL NUMBER
Classification number HF5686 HON
Item number 2009
082 00 - DEWEY DECIMAL CLASSIFICATION NUMBER
Classification number 658.1/511
Edition number 19
100 1# - MAIN ENTRY--PERSONAL NAME
Personal name Horngren, Charles T.,
Dates associated with a name 1926-
Relator term author
245 10 - TITLE STATEMENT
Title Cost accounting :
Statement of responsibility, etc. Charles T. Horngren , Srikant M Datar and Madhav V.Rajan
Remainder of title a managerial emphasis /
250 ## - EDITION STATEMENT
Edition statement Third edition.
260 ## - PUBLICATION, DISTRIBUTION, ETC.
Place of publication, distribution, etc. Englewood Cliffs, N.J., :
Name of publisher, distributor, etc. Prentice-Hall,
Date of publication, distribution, etc. [1972]
300 ## - PHYSICAL DESCRIPTION
Extent xxi, 963 p.
Other physical details illus.
Dimensions 25 cm.
350 ## - PRICE (NR) (BK AM CF MU VM SE) [OBSOLETE]
Price $17.25
504 ## - BIBLIOGRAPHY, ETC. NOTE
Bibliography, etc. note "List of N.A.A. [National Association of Accountants] research publications": p. 933-934.
504 ## - BIBLIOGRAPHY, ETC. NOTE
Bibliography, etc. note Includes bibliographical references.
505 ## - FORMATTED CONTENTS NOTE
Formatted contents note .
520 ## - SUMMARY, ETC.
Summary, etc. .
650 #0 - SUBJECT ADDED ENTRY--TOPICAL TERM
Topical term or geographic name entry element Cost accounting.
650 #0 - SUBJECT ADDED ENTRY--TOPICAL TERM
Topical term or geographic name entry element Managerial accounting.
906 ## - LOCAL DATA ELEMENT F, LDF (RLIN)
a 7
b cbc
c orignew
d 1
e ocip
f 19
g y-gencatlg
942 ## - ADDED ENTRY ELEMENTS (KOHA)
Source of classification or shelving scheme Library of Congress Classification
Koha item type Books
Edition 14th ed
Classification part 5686
Item part HOR
Call number prefix HF
Holdings
Withdrawn status Lost status Damaged status Not for loan Collection code Home library Current library Shelving location Date acquired Total Checkouts Full call number Barcode Date last seen Copy number Price effective from Koha item type Materials specified (bound volume or other part)
        Non-fiction City Campus Library City Campus Library General Stacks 09/08/2020   HF 5686 HOR 2009 011272 09/08/2020 c.1 09/08/2020 Books  
        Non-fiction Mashava Campus Library Mashava Campus Library General Stacks 05/21/2021   HF 5686 HOR 2009 006511 05/21/2021 C.2 05/21/2021 Books  
        Non-fiction Mashava Campus Library Mashava Campus Library General Stacks 09/12/2021   HF 5686 HOR 2009 B017179 09/12/2021 C. 3 09/12/2021 Books lcc
        Non-fiction Mashava Campus Library Mashava Campus Library General Stacks 09/12/2021   HF 5686 HOR 2009 G23014 09/12/2021 C. 4 09/12/2021 Books lcc